स्वानुभूति / (Record no. 43150)

MARC details
000 -LEADER
fixed length control field 01009nam a22002177a 4500
005 - DATE AND TIME OF LATEST TRANSACTION
control field 20100830104546.0
010 ## - LCCN (DPL NO)
LC control number HIN-90218
020 ## - INTERNATIONAL STANDARD BOOK NUMBER
International Standard Book Number 8186762299
Terms of availability 300.00
035 ## - SYSTEM CONTROL NUMBER
System control number HN-62564
037 ## - SOURCE OF ACQUISITION
Source of stock number/acquisition DBAD / PUB
082 ## - DEWEY DECIMAL CLASSIFICATION NUMBER
Classification number 821
100 ## - MAIN ENTRY--PERSONAL NAME
Personal name गोदियाल, श्यामा
245 ## - TITLE STATEMENT
Title स्वानुभूति /
Statement of responsibility, etc श्यामा गोदियाल
260 ## - PUBLICATION, DISTRIBUTION, ETC. (IMPRINT)
Place of publication, distribution, etc नई दिल्ली
Name of publisher, distributor, etc दिलप्रीत पब्लिशिंग हाऊस
Date of publication, distribution, etc 2010
270 ## - ADDRESS
Address 4393/4ए, पहली मंजिल, अंसारी रोड, दरियागंज
City नई दिल्ली
Postal code 110002
Telephone number 011 23285093
300 ## - PHYSICAL DESCRIPTION
Extent xviii,157पृ.
Dimensions 22सेमी (सजिल्द)
650 ## - SUBJECT ADDED ENTRY--TOPICAL TERM
Topical term or geographic name as entry element हिन्दी कविता
700 ## - ADDED ENTRY--PERSONAL NAME
9 (RLIN) 17425
942 ## - ADDED ENTRY ELEMENTS (KOHA)
Source of classification or shelving scheme Dewey Decimal Classification
Item type Hindi Books
Classification part 821
Call number suffix गोदिया
Holdings
Withdrawn status Lost status Not for loan Collection code Home library Current library Date acquired Source of acquisition Cost, normal purchase price Full call number Barcode Copy number Cost, replacement price Koha item type
    Not For Loan Non-fiction D.B.Act.Division D.B.Act.Division 30/08/2010 DBAD / PUB 300.00 821 गोदिया HN-62564 1 300.00 Hindi Books

© Delhi Public Library
Hit Counter
free hit counter